Life Skills Eduation School Gardening and Nutrition Education Teacher's Guide for Grade 5 (Record no. 22407)
[ view plain ]
| 000 -LEADER | |
|---|---|
| fixed length control field | 00351nam a22001217a 4500 |
| 040 ## - CATALOGING SOURCE | |
| Transcribing agency | CAM |
| 082 ## - DEWEY DECIMAL CLASSIFICATION NUMBER | |
| Classification number | SCH HAN 2017 C011 Or. |
| 100 ## - MAIN ENTRY--AUTHOR NAME | |
| Personal name | HANG CHUON NARON |
| 245 ## - TITLE STATEMENT | |
| Title | Life Skills Eduation School Gardening and Nutrition Education Teacher's Guide for Grade 5 |
| 260 ## - PUBLICATION, DISTRIBUTION, ETC. (IMPRINT) | |
| Place of publication | CAMBODIA |
| Name of publisher | Phnom Penh |
| Year of publication | 2017 |
| 300 ## - PHYSICAL DESCRIPTION | |
| Number of Pages | vii.39p |
| Other physical details | v. |
| Dimensions | 28cm |
| 942 ## - ADDED ENTRY ELEMENTS (KOHA) | |
| Koha item type | ADB |
| 952 ## - LOCATION AND ITEM INFORMATION (KOHA) | |
| Withdrawn status [LOCAL, KOHA] | 0 |
| Permanent Location | Date acquired | Koha item type | Lost status | Shelving location | Barcode | Current Location | Full call number |
|---|---|---|---|---|---|---|---|
| Library Block C | 2023-12-20 | ADB | C011 | A075019 | Library Block C | SCH HAN 2017 C011 Or. |